Obálka Náhled e-knihy:
PDF
Pro půjčování e-knih musíte být přihlášeni.
Jak si půjčit online?

Kniha pro partnery : v každém vztahu je velká naděje /

Oblíbená česká partnerská dvojice radí na základě vlastních zkušeností, jak vybudovat spokojený vztah, ve kterém se budou partneři vzájemně doplňovat a v němž mohou společně růst.

Uloženo v:
Hlavní autor: Studnička, Milan, 1977- (Autor)
Další autoři: Studničková Šípková, Olga, 1969- (Autor)
Médium: E-kniha
Jazyk:Czech
Vydáno: V Brně : Nastole, 2025
Vydání:1. vydání
Témata:
Tagy:
Žádné tagy
LEADER 02694nam a2200565 i 4500
001 312624
003 CZ PrSKC
005 20260601215726.0
007 ta
008 250210s2025 xr a e f 000 0 cze
015 |a cnb003672053 
020 |a 9788074482762  |q (vázáno) :  |c Kč 449,00 
035 |a (OCoLC)1514347608 
040 |a OLA001  |b cze  |e rda 
072 7 |a 316.4/.7  |x Sociální interakce. Sociální komunikace  |2 Konspekt 
080 |a 316.346.2  |2 MRF 
080 |a 316.472.42  |2 MRF 
080 |a 159.923.2  |2 MRF 
080 |a 159.923.5  |2 MRF 
080 |a 316.77  |2 MRF 
080 |a (0.062)  |2 MRF 
100 1 |a Studnička, Milan,  |d 1977-  |7 mzk2003187266  |4 aut 
245 1 0 |a Kniha pro partnery :  |b v každém vztahu je velká naděje /  |c Milan Studnička, Olga Studničková-Šípková 
250 |a 1. vydání 
264 1 |a V Brně :  |b Nastole,  |c 2025 
300 |a 244 stran :  |b barevné ilustrace ;  |c 24 cm 
336 |a text  |b txt  |2 rdacontent 
337 |a bez média  |b n  |2 rdamedia 
338 |a svazek  |b nc  |2 rdacarrier 
504 |a Obsahuje bibliografii 
520 2 |a Oblíbená česká partnerská dvojice radí na základě vlastních zkušeností, jak vybudovat spokojený vztah, ve kterém se budou partneři vzájemně doplňovat a v němž mohou společně růst.  |b Partnerské role, komunikace, náš osobní příběh, prvotní dojmy, slabé a silné stránky, postoj k vlastní minulosti - to všechno jsou oblasti, které teď díky zkušenému psychologovi a inspirativní koučce uvidíte v novém světle. Nakladatelská anotace. Kráceno. 
650 0 7 |a muži a ženy  |7 ph123061  |2 czenas 
650 0 7 |a partnerské vztahy  |7 ph115684  |2 czenas 
650 0 7 |a sebepoznání  |7 ph116116  |2 czenas 
650 0 7 |a sebezdokonalování  |7 ph116118  |2 czenas 
650 0 7 |a komunikace (sdělování)  |7 ph114956  |2 czenas 
650 0 9 |a men and women  |2 eczenas 
650 0 9 |a partner relationships  |2 eczenas 
650 0 9 |a self-consciousness  |2 eczenas 
650 0 9 |a self-actualization  |2 eczenas 
650 0 9 |a human communication  |2 eczenas 
655 7 |a populárně-naučné publikace  |7 fd131864  |2 czenas 
655 9 |a popular works  |2 eczenas 
700 1 |a Studničková Šípková, Olga,  |d 1969-  |7 jn20000402955  |4 aut 
900 |a ABA001  |b 19 
928 9 |a Albatros Media - Nastole 
044 |a xr 
910 |a RBIT002 
998 |d 417188  |a https://core.palmknihy.cz/api/books/417188/cover?sr4zog  |b https://core.palmknihy.cz/api/books/417188/cover/400?sr4zog  |c https://core.palmknihy.cz/api/books/417188/cover/50?sr4zog  |e 2034-12-31  |g 248  |i 9788074482762  |k https://core.palmknihy.cz/api/books/417188/preview.pdf  |l   |q 49  |r 1  |s https://www.palmknihy.cz/kniha/417188  |t ebook  |y 2025  |z 0 
999 |d 312622